000 00434nam a2200181Ia 4500
003 0STCL
008 150530s9999 xx 000 0 und d
040 _aSTCL
_cSTCL
100 _aBalakrishnan Nair
245 _aKadal Oru Adbhudam
250 _a1
260 _bState Institute of Lanagauge; Trivandrum
_c1994
_aTrivandrum
300 _a0
546 _aMalayalam
942 _2ddc
_cBK
999 _c17662
_d17662
005 20220125165812.0